Becoming a practitioner in the early years

Guardat en:
Dades bibliogràfiques
Autor principal: ENVY, Rose
Format: Llibre
Idioma:anglès
Publicat: Learning Matters, Sage Publications, 2013.
Etiquetes: Afegir etiqueta
Sense etiquetes, Sigues el primer a etiquetar aquest registre!

MARC

LEADER 00000nam a22000007a 4500
008 210408b ||||| |||| 00| 0 eng d
020 |a 978-144626-6794-3 
100 |a ENVY, Rose. 
245 |a Becoming a practitioner in the early years  |c Rose Envy, Rebecca Walters  |g ix, 166p. 
260 |b  Learning Matters, Sage Publications,   |c 2013.  |h London:  |i 692523   |i 692524   |l LB1139.3 .G7En9  |m Early childhood education. 
500 |a “It includes references and index”. 
942 |a lcc  |c BK  |e Adeniran F. A  |f 08/04/2021 
952 |0 0  |1 0  |2 lcc  |4 0  |6 LB11393 G7 E N9  |7 0  |9 2084  |a HOL  |b ED  |c LP  |d 2021-04-08  |l 0  |o LB1139.3 .G7En9  |p 2021-5941  |r 2021-04-08 00:00:00  |w 2021-04-08  |y BK 
952 |0 0  |1 0  |2 lcc  |4 0  |6 LB11393 G7 E N9  |7 0  |9 2085  |a HOL  |b HOL  |c LP  |d 2021-04-08  |l 0  |o LB1139.3 .G7En9  |p 2021-5942  |r 2021-04-08 00:00:00  |w 2021-04-08  |y BK 
999 |c 1085  |d 1085